Anagrammes : Champions de LoL aléatoires - Statistiques

Statistiques générales
  • Ce quiz a été pris 979 fois
    137 depuis la dernière actualisation
  • Le résultat moyen est 13 sur 20
Statistiques - réponses
Champion % Correct
Amumu
100%
Dr.Mundo
100%
Gnar
100%
Jinx
100%
Lux
100%
Milio
100%
Pyke
100%
Sivir
100%
Zac
100%
Zoe
100%
Ornn
93%
Vi
93%
Ziggs
92%
Ezreal
91%
Akshan
90%
Ryze
89%
Kha'Zix
88%
Anivia
86%
Hwei
86%
Jhin
86%
Nasus
86%
Ashe
83%
Jayce
83%
Kled
83%
Neeko
83%
Shen
83%
Udyr
83%
Ekko
82%
Gwen
82%
Yone
82%
Aatrox
80%
Mel
80%
Mordekaiser
80%
Naafiri
80%
Nami
80%
Poppy
80%
Lulu
79%
Ahri
78%
Janna
78%
Kennen
78%
K'Sante
78%
Shyvana
78%
Sona
78%
Zed
78%
Riven
77%
Teemo
77%
Karma
75%
Tryndamere
75%
Volibear
75%
Aphelios
73%
Bard
73%
Corki
73%
Gangplank
73%
Kai'Sa
73%
Qiyana
73%
Akali
71%
Fizz
71%
Kayn
71%
Sett
71%
Vex
71%
Annie
70%
Garen
70%
Ivern
70%
Rell
70%
Rengar
70%
Yasuo
70%
Cho'Gath
69%
Azir
67%
Bel'Veth
67%
Brand
67%
Illaoi
67%
Jax
67%
Kayle
67%
Senna
67%
Vayne
67%
Xerath
67%
Draven
64%
Fiora
64%
Heimerdinger
64%
Soraka
64%
Talon
64%
Trundle
64%
Zilean
64%
Zyra
64%
Alistar
63%
Aurora
63%
Braum
63%
Nautilus
63%
Vel'Koz
63%
Yorick
63%
Kassadin
62%
Xayah
62%
Briar
60%
Malzahar
60%
Shaco
60%
Sion
60%
Veigar
60%
Xin Zhao
60%
Leona
58%
Viego
58%
Vladimir
58%
Lillia
57%
Maître Yi
57%
Samira
57%
Sylas
57%
Thresh
57%
Varus
57%
Rek'Sai
56%
Yunara
56%
Yuumi
56%
Jarvan IV
55%
Tahm Kench
55%
Zaahen
55%
Hecarim
54%
Nunu et Willump
54%
Camille
50%
Evelynn
50%
Fiddlesticks
50%
Karthus
50%
Lee Sin
50%
Lissandra
50%
Morgana
50%
Nocturne
50%
Olaf
50%
Pantheon
50%
Quinn
50%
Rumble
50%
Twitch
50%
Viktor
50%
Irelia
47%
Cassiopeia
46%
Katarina
46%
Twisted Fate
46%
Galio
44%
Syndra
44%
Taric
44%
Wukong
44%
Ambessa
43%
Darius
43%
Kog'Maw
43%
Renekton
43%
Sejuani
43%
Singed
43%
Taliyah
43%
Zeri
43%
Maokai
42%
Aurelion Sol
40%
Diana
40%
Gragas
40%
Nilah
40%
Rakan
40%
Warwick
40%
Elise
38%
Kalista
38%
Nidalee
38%
Rammus
38%
Tristana
38%
LeBlanc
36%
Blitzkrank
33%
Graves
33%
Kindred
33%
Swain
33%
Urgot
33%
Seraphine
30%
Skarner
30%
Caitlyn
29%
Lucian
29%
Malphite
29%
Smolder
29%
Orianna
25%
Renata Glasc
20%
Miss Fortune
0%
Aucun quiz correspondant
Distribution des résultats
% des personnes avec chaque résultat
Percentile par nombre de réponses
Votre historique - résultats
Vous n’avez pas pris ce quiz depuis la dernière actualisation